000 00577nam a2200217Ia 4500
003 OSt
005 20220923230925.0
006 a|||||r|||| 00| 0
007 ta
008 Pun
024 _a306,503
037 _cTextual
040 _aARTS
_cARTS
_bPun
041 _2Pun
_aPun
082 _aO153,2x, 153L6
100 _aਮ੍ਰਿਤਯੂਬੋਧ
245 0 _aਨਟ ਸਮਰਾਟ
_b ਵਕਤ ਤੈਨੂੰ ਸਲਾਮ ਹੈ
260 _c1976
942 _hO153,2x, 153L6
_cTEXL
_2CC
999 _c388283
_d388283